Quiz sur Animal Crossing New Horizons - Statistiques

Statistiques générales
  • Ce quiz a été pris 411 fois
  • Le résultat moyen est 11 sur 26
Statistiques - réponses
Lettres - Indices Vos réponses % Correct
C - Monnaie courante dans le jeu Clochettes
93%
D - Espèce animale, actuellement éteinte, vous accueillant à l'aéroport Dodo
87%
M - Elle donne les annonces du jour lorsque vous jouez chaque première fois quotidiennement Marie
87%
J - Tableau sous le nom de "Toile célèbre" dans le jeu, exposé au Louvre dans la vraie vie Joconde
83%
E - Espèce animale, dont fait parti les villageois : Irène, Mathéo, Lola, Isabelle Ecureuil
69%
R - Application sur le NookPhone permettant de modifier son île Remod'île
62%
G - Un pélican aux habits bleus échoué sur les plages Gulliver
61%
K - Fruit non disponible dans l'opus New Horizons, mais qui l'était dans l'opus New Leaf Kaki
60%
L - Fleur disponible dans le jeu Lys
60%
I - L'équivalent du tournoi de pêche mais pour les insectes Insectosafari
54%
Z - Série de meubles en bois inspirés des intérieurs japonais Zen
52%
H - Moyen de transport vous emmenant sur l'île dès votre début Hydravion
48%
T - "Tu as pris un bar commun ! Gare au bar à T--- !" Thym
45%
F - Il y en a tout les dimanches d'août Feux d'artifices
42%
O - Adjectif relatif aux rêves, sous forme de codes vous permettant de visiter les îles d'autres joueurs Oniriques
37%
B - Créature marine et qui est un fruit à une lettre près Balane
31%
W - Un villageois qui est un loup mâle, versatile, né le 25/11 et avec une phrase d'accroche "Snurfff" Wolfgang
30%
A - Nom d'un buisson Azalées
14%
N - Youtubeur français avec plus d'1.28 millions de followers (11/2024) ayant joué au jeu Newtiteuf
14%
U - Le seul villageois au nom commençant par un "u" / Un pingouin Urbain
14%
P - Poisson vendu au prix de 7.000 clochettes à Méli et Mélo Poisson ruban
10%
V - Mimique disponible durant le Carnaval Viva !
7%
Q - Pour en faire, il vous faudra 2x sachets de farine et 1x sachet de sucre Quatre-quarts
5%
Y - Ne durent que pendant 4 jours Yétiti
5%
X - Type de gyroïdes Xylophoïde
4%
S - Un des concepteurs du jeu Shigeru Miyamoto
2%
Aucun quiz correspondant
Distribution des résultats
% des personnes avec chaque résultat
Percentile par nombre de réponses
Votre historique - résultats
Vous n’avez pas pris ce quiz